[Event "AUTO-OPEN-1022"]
[Site "http://www.queenalice.com/game.php?id=357426"]
[Date "2008.2.20"]
[Round "1"]
[White "Luzhin"]
[Black "gedanix"]
[Result "0-1"]
[WhiteElo "1100"]
[BlackElo "1839"]

1. e4 e5 2. d4 exd4 3. Qxd4 Nc6 4. Qd5 d6 5. a4 Nf6 6. Bg5 Be7 7. Bxf6 Bxf6 8.
Nc3 Bxc3+ 9. bxc3 Be6 10. Qh5 Qf6 11. Ra3 Ne5 12. Bb5+ c6 13. Bd3 Bg4 14. Qxe5+
Qxe5 15. Nf3 Bxf3 16. gxf3 Qf4 17. O-O Qxf3 18. Rb1 O-O-O 19. a5 h5 20. a6 b6
21. c4 h4 22. e5 dxe5 23. Re1 e4 24. Rxe4 h3 25. Kf1 Qg2+ 0-1

[Event "Challenge"]
[Site "http://www.queenalice.com/game.php?id=362069"]
[Date "2008.2.27"]
[Round "-"]
[White "Luzhin"]
[Black "isidoro"]
[Result "1/2-1/2"]
[WhiteElo "1206"]
[BlackElo "1537"]

1. e4 d5 2. Bb5+ c6 3. Bd3 Nf6 4. Qe2 Qb6 5. e5 Ng4 6. h3 Nh6 7. Nc3 Nf5 8. Nf3
e6 9. Bxf5 exf5 10. O-O d4 11. Nb1 Qc5 12. Qd3 Na6 13. a3 Be6 14. b4 Qd5 15.
Qxd4 Qb5 16. Nc3 Qc4 17. d3 Qxd4 18. Nxd4 c5 19. Nxe6 fxe6 20. bxc5 Bxc5 21. Be3
Rc8 22. Nb5 Bxe3 23. Nd6+ Kd7 24. Nxc8 Bd4 25. Nd6 Bxa1 26. Rxa1 b6 27. Rd1 Nc7
28. c4 Na6 29. d4 g5 30. d5 Nc5 31. Nb5 a6 32. Nd4 h5 33. dxe6+ Nxe6 34. Nxf5+
Kc7 35. Rd6 Re8 36. Ne3 Nf4 37. Nd5+ Nxd5 38. Rxd5 Re6 39. g3 Kc6 40. a4 Re8 41.
Kf1 Re6 42. f3 b5 43. axb5+ axb5 44. Rxb5 Re7 45. Rd5 Kb6 46. Kf2 Kc6 47. f4
gxf4 48. gxf4 Kb6 49. f5 Rc7 50. e6 h4 1/2-1/2

[Event "AUTO-OPEN-1042"]
[Site "http://www.queenalice.com/game.php?id=365463"]
[Date "2008.3.4"]
[Round "1"]
[White "holandes"]
[Black "Luzhin"]
[Result "0-1"]
[WhiteElo "1700"]
[BlackElo "1169"]

1. e4 c5 2. c3 e6 3. d4 d5 4. e5 cxd4 5. cxd4 Bb4+ 6. Bd2 Qb6 7. Nf3 Nc6 8. Qa4
Bd7 9. Bb5 Bxd2+ 10. Nbxd2 Nxe5 11. Bxd7+ Nxd7 12. Ne5 Nf6 13. Ndf3 Qxb2 14. O-O
Qe2 15. Ng5 O-O 16. Nxd7 b5 17. Nxf6+ gxf6 18. Qd1 Qxd1 19. Raxd1 fxg5 20. Rd3
f5 21. Rg3 h6 22. h4 f4 23. Rg4 Rf5 24. Rb1 Rb8 25. a4 b4 26. hxg5 hxg5 27. Rb3
a5 28. Kf1 Kf7 29. Ke2 Rc8 30. Kd2 Rc4 31. Kd3 Kf6 32. f3 Rc1 33. Rb2 Ra1 34.
Rc2 Ra3+ 35. Kd2 Rxa4 36. Rc5 b3 37. Kc1 Rc4+ 38. Rxc4 dxc4 39. Kb2 Rb5 40. g3
c3+ 41. Kb1 b2 0-1

[Event "AUTO-OPEN-1042"]
[Site "http://www.queenalice.com/game.php?id=365464"]
[Date "2008.3.4"]
[Round "1"]
[White "Luzhin"]
[Black "holandes"]
[Result "1-0"]
[WhiteElo "1169"]
[BlackElo "1685"]

1. Nf3 d5 2. c4 d4 3. g3 Nc6 4. Bg2 Nf6 5. O-O e5 6. d3 Be7 7. Na3 a6 8. b4 Bxb4
9. Nxe5 Nxe5 10. Qa4+ Bd7 11. Qxb4 Neg4 12. h3 Ne5 13. Qxb7 Rb8 14. Qa7 Bc6 15.
Bf4 Nfd7 16. Rab1 Bxg2 17. Kxg2 Nc6 18. Qxa6 Nb4 19. Qa5 Nc6 20. Qxc7 Qxc7 21.
Bxc7 Rxb1 22. Rxb1 O-O 23. Nb5 Re8 24. Rb2 g6 25. a4 Ncb8 26. Nxd4 Rc8 27. Bxb8
Nxb8 28. c5 Nc6 29. Nxc6 Rxc6 30. d4 Kf8 31. Rc2 Ke7 32. d5 Rc8 33. e4 f6 34. a5
h6 35. a6 h5 36. a7 g5 37. Rb2 1-0

[Event "AUTO-OPEN-1042"]
[Site "http://www.queenalice.com/game.php?id=365503"]
[Date "2008.3.4"]
[Round "1"]
[White "Luzhin"]
[Black "rob0330"]
[Result "1-0"]
[WhiteElo "1100"]
[BlackElo "1777"]

1. d4 Nf6 2. c4 b6 3. f3 e6 4. e3 Bb7 5. Bd3 Bb4+ 6. Nc3 O-O 7. Ne2 d6 8. O-O
Nbd7 9. Bd2 c5 10. Nb5 Bxd2 11. Qxd2 d5 12. cxd5 Bxd5 13. e4 Bc6 14. Qg5 Bxb5
15. Bxb5 h6 16. Qg3 a6 17. Bc6 Ra7 18. e5 Ne8 19. Rfd1 Qc7 20. Bxd7 Qxd7 21.
dxc5 Qb5 22. cxb6 Rb7 23. Rd2 Qxb6+ 24. Qf2 Qa5 25. Qe3 Rb5 26. f4 f6 27. Nd4
Rb6 28. Rc2 fxe5 29. Nc6 Qb5 30. a4 exf4 31. Qxe6+ 1-0

[Event "AUTO-OPEN-1042"]
[Site "http://www.queenalice.com/game.php?id=365504"]
[Date "2008.3.4"]
[Round "1"]
[White "rob0330"]
[Black "Luzhin"]
[Result "0-1"]
[WhiteElo "1777"]
[BlackElo "1100"]

1. c4 e5 2. Nc3 Nf6 3. g3 Bb4 4. Bg2 O-O 5. Nf3 Re8 6. O-O Nc6 7. Qc2 d6 8. a3
Bc5 9. b4 Nd4 10. Nxd4 Bxd4 11. Bb2 c6 12. e3 Bxc3 13. Bxc3 d5 14. cxd5 cxd5 15.
d4 e4 16. b5 Bd7 17. a4 a6 18. Qb3 axb5 19. axb5 Qb6 20. Rxa8 Rxa8 21. Rb1 Bg4
22. h3 Be2 23. g4 Bd3 24. Ra1 Rxa1+ 25. Bxa1 Qxb5 26. Qc3 Qb1+ 27. Kh2 Qc2 28.
Qa5 h5 29. g5 Qxf2 30. gxf6 Bf1 0-1

[Event "AUTO-BEG-205"]
[Site "http://www.queenalice.com/game.php?id=384889"]
[Date "2008.4.9"]
[Round "1"]
[White "Luzhin"]
[Black "Lordofchess"]
[Result "1-0"]
[WhiteElo "1236"]
[BlackElo "1171"]

1. c4 e5 2. Nc3 Qf6 3. Ne4 Qf5 4. Qc2 Nh6 5. f3 g5 6. g4 Nxg4 7. fxg4 Qxg4 8.
Nf3 Qh5 9. Nf6+ Ke7 10. Nxh5 g4 11. Nxe5 Rg8 12. Qxh7 Rg5 13. Qxf7+ Kd6 14. Qf6+
Kc5 15. Qxg5 d6 16. Nxg4+ Kc6 17. Bg2+ Kd7 18. Qf5+ Kd8 19. Qxf8+ Kd7 20. Rf1
Nc6 21. Rf7+ Ke6 22. Qe8+ Ne7 23. Qxe7# 1-0

[Event "AUTO-BEG-205"]
[Site "http://www.queenalice.com/game.php?id=384890"]
[Date "2008.4.9"]
[Round "1"]
[White "Lordofchess"]
[Black "Luzhin"]
[Result "0-1"]
[WhiteElo "1180"]
[BlackElo "1325"]

1. d4 d5 2. e4 e6 3. exd5 Qxd5 4. Na3 Qe4+ 5. Qe2 Bxa3 6. Qxe4 Bd6 7. Nh3 Nf6 8.
Qf3 Nc6 9. Ng5 Nxd4 10. Qc3 Bb4 11. Qxb4 Nxc2+ 12. Kd1 Nxb4 13. Bb5+ c6 14. Bc4
Ng4 15. Ke2 O-O 16. a3 Nc2 17. h3 h6 18. hxg4 Nxa1 19. Bd3 Nb3 20. Bh7+ Kh8 21.
Be3 f6 22. Bc5 Nxc5 23. Rc1 Na6 24. f4 fxg5 25. Bg6 Rxf4 26. Rf1 Rxf1 27. Kxf1
e5 28. Bf5 Bxf5 29. gxf5 g4 30. Kf2 Rf8 31. Kg3 h5 32. Kh4 Rxf5 33. b4 e4 34.
Kg3 e3 35. Kh4 e2 36. b5 e1=Q+ 37. g3 Qh1# 0-1

[Event "AUTO-BEG-205"]
[Site "http://www.queenalice.com/game.php?id=384891"]
[Date "2008.4.9"]
[Round "1"]
[White "Luzhin"]
[Black "erdnaxela"]
[Result "0-1"]
[WhiteElo "1340"]
[BlackElo "1328"]

1. d4 d5 2. Nc3 Nf6 3. Nf3 Nc6 4. e3 Bg4 5. Be2 Bxf3 6. Bxf3 e6 7. a3 Be7 8. O-O
O-O 9. b4 a5 10. b5 Na7 11. a4 Bb4 12. Na2 Qd6 13. c3 Ba3 14. Qb3 Bxc1 15. Nxc1
Ne4 16. Qc2 Ng5 17. c4 e5 18. Qf5 Nxf3+ 19. Qxf3 exd4 20. cxd5 dxe3 21. fxe3 Qb6
22. Nd3 Rae8 23. Rae1 c5 24. Ne5 Rxe5 25. e4 c4+ 26. Kh1 f6 27. Qc3 Nc8 28. Qxc4
Nd6 29. Qb3 Rfe8 30. Re2 Nxe4 31. Rc2 Nc5 32. Qc4 Re1 33. d6+ Kf8 34. Qf4 g5 35.
Qxf6+ Kg8 36. Rc1 Rxf1+ 37. Rxf1 Qd8 38. Qd4 b6 39. g4 Ne6 40. Qd5 Qa8 41. d7
Qxd5+ 0-1

[Event "AUTO-BEG-205"]
[Site "http://www.queenalice.com/game.php?id=384892"]
[Date "2008.4.9"]
[Round "1"]
[White "erdnaxela"]
[Black "Luzhin"]
[Result "0-1"]
[WhiteElo "1168"]
[BlackElo "1264"]

1. e4 d5 2. Nc3 d4 3. Nd5 e6 4. Nf4 Nf6 5. d3 e5 6. Nh5 Nbd7 7. Nf3 Nxh5 8. Ng5
Nf4 9. Bxf4 exf4 10. h4 Bb4+ 11. c3 dxc3 12. Ke2 cxb2 13. Rb1 Qf6 14. f3 Qd4 15.
Qc2 Qe3+ 16. Kd1 Qe1# 0-1

[Event "AUTO-BEG-205"]
[Site "http://www.queenalice.com/game.php?id=384893"]
[Date "2008.4.9"]
[Round "1"]
[White "Luzhin"]
[Black "Jane"]
[Result "1-0"]
[WhiteElo "1277"]
[BlackElo "1599"]

1. e4 e5 2. d4 exd4 3. Qxd4 Nc6 4. Qc3 d6 5. Bb5 f5 6. Bxc6+ bxc6 7. Nf3 fxe4 8.
Qxc6+ Bd7 9. Qxe4+ Qe7 10. Qxe7+ Bxe7 11. O-O Nf6 12. Bg5 h6 13. Bxf6 Bxf6 14.
Nc3 Bxc3 15. bxc3 g5 16. Rab1 g4 17. Nd2 h5 18. Rb7 Kd8 19. f3 gxf3 20. Nxf3 c5
21. Ng5 Bc6 22. Rg7 Bd7 23. Nf7+ Kc7 24. Nxh8 Rxh8 25. Rff7 Rd8 26. Rh7 Re8 27.
Rxd7+ Kc6 28. Kf2 a5 29. a4 Re4 30. Ra7 Rxa4 31. Ke2 Re4+ 32. Kd2 h4 33. h3 d5
34. Rxa5 d4 35. c4 Kb6 36. Rb5+ Ka6 37. Rh6+ Ka7 38. Rxc5 Kb7 39. Rd5 Re7 40.
Rxd4 Rg7 41. Rg4 Rxg4 42. hxg4 h3 43. gxh3 Kc7 44. Re6 Kd7 45. Re1 Kc6 46. g5
Kc5 47. Kd3 Kb4 48. g6 Kc5 49. g7 Kb4 50. g8=Q Ka3 51. Kc3 Ka4 52. Ra1# 1-0

[Event "AUTO-BEG-205"]
[Site "http://www.queenalice.com/game.php?id=384894"]
[Date "2008.4.9"]
[Round "1"]
[White "Jane"]
[Black "Luzhin"]
[Result "1-0"]
[WhiteElo "1539"]
[BlackElo "1288"]

1. e4 d5 2. exd5 Qxd5 3. Nc3 Qc6 4. Qf3 Qe6+ 5. Be2 c6 6. Nh3 Qe5 7. O-O f6 8.
d3 Bxh3 9. Qxh3 Na6 10. Bh5+ g6 11. Bf3 f5 12. Bg5 O-O-O 13. Rfe1 Qc7 14. g3 Nb4
15. Rec1 h6 16. Be3 b6 17. a3 Nd5 18. Bxd5 cxd5 19. d4 e6 20. Ne2 g5 21. b3 Ne7
22. Bxg5 Bg7 23. Be3 h5 24. c4 Kb7 25. cxd5 Qd7 26. dxe6 Qxe6 27. Qg2+ Nc6 28.
b4 Kb8 29. Bf4+ Ne5 30. Bxe5+ Bxe5 31. dxe5 Qxe5 32. a4 Qxe2 33. Qc6 Rc8 34.
Qd6+ Kb7 35. Rxc8 Rxc8 36. Qd7+ Kb8 37. Qxf5 Qe7 38. Qxh5 Qg7 39. Re1 Qf8 40.
Re4 Kb7 41. a5 Qh8 42. Re7+ Ka6 43. Qe2+ 1-0

[Event "AUTO-OPEN-1131"]
[Site "http://www.queenalice.com/game.php?id=402512"]
[Date "2008.5.13"]
[Round "1"]
[White "AntonioMendonca"]
[Black "Luzhin"]
[Result "1-0"]
[WhiteElo "2158"]
[BlackElo "1317"]

1. c4 e5 2. g3 Nc6 3. Bg2 Nf6 4. Nc3 Bb4 5. e4 O-O 6. Nge2 Nd4 7. a3 Bxc3 8.
bxc3 Nxe2 9. Qxe2 d6 10. d4 c5 11. Be3 Qa5 12. O-O Qxc3 13. dxc5 Be6 14. Rfc1
Qb3 15. cxd6 b6 16. c5 bxc5 17. Rxc5 Qb8 18. Rxe5 Qxd6 19. Rg5 Rfc8 20. e5 Qe7
21. exf6 Qxf6 22. Qd1 Rd8 23. Qe1 h6 24. Ra5 1-0

[Event "AUTO-OPEN-1131"]
[Site "http://www.queenalice.com/game.php?id=402513"]
[Date "2008.5.13"]
[Round "1"]
[White "Luzhin"]
[Black "AntonioMendonca"]
[Result "0-1"]
[WhiteElo "1317"]
[BlackElo "2128"]

1. d4 Nf6 2. Nf3 g6 3. Nc3 Bg7 4. e4 d6 5. Ng5 O-O 6. Bc4 Nc6 7. O-O h6 8. d5
Ne5 9. Nxf7 Rxf7 10. Bb3 Kh7 11. Qe2 Nh5 12. f4 Ng4 0-1

[Event "AUTO-OPEN-1131"]
[Site "http://www.queenalice.com/game.php?id=402538"]
[Date "2008.5.13"]
[Round "1"]
[White "chessman"]
[Black "Luzhin"]
[Result "1-0"]
[WhiteElo "2023"]
[BlackElo "1317"]

1. e4 e5 2. Nf3 Nc6 3. Bb5 Nf6 4. O-O Nxe4 5. Bxc6 dxc6 6. Nxe5 Be6 7. d4 f6 8.
Nf3 Bg4 9. Re1 f5 10. Nc3 Bb4 11. Qd3 O-O 12. Qc4+ Rf7 13. Qxb4 b5 14. Ne5 a5
15. Nxf7 Kxf7 16. Qb3+ Kg6 17. Nxe4 fxe4 18. Qg3 Kh5 19. Rxe4 1-0

[Event "AUTO-OPEN-1131"]
[Site "http://www.queenalice.com/game.php?id=402539"]
[Date "2008.5.13"]
[Round "1"]
[White "Luzhin"]
[Black "chessman"]
[Result "0-1"]
[WhiteElo "1317"]
[BlackElo "2025"]

1. d4 Nf6 2. Nf3 d5 3. Nc3 e6 4. Bg5 c5 5. e4 cxd4 6. Qxd4 Nc6 7. Bb5 Be7 8.
Bxc6+ bxc6 9. Bxf6 Bxf6 10. e5 Be7 11. O-O c5 12. Qg4 O-O 13. Rfd1 f6 14. h4
fxe5 15. Ng5 Bxg5 16. hxg5 Rf4 17. Qg3 Rf5 18. g6 h6 0-1

[Event "AUTO-OPEN-1131"]
[Site "http://www.queenalice.com/game.php?id=402555"]
[Date "2008.5.13"]
[Round "1"]
[White "Luzhin"]
[Black "brown"]
[Result "0-1"]
[WhiteElo "1343"]
[BlackElo "1500"]

1. e4 Nf6 2. Nc3 d5 3. e5 Ne4 4. Qf3 Nxc3 5. Qxc3 d4 6. Qf3 Nc6 7. Bb5 Bd7 8.
Bc4 Nxe5 9. Qd5 Nxc4 10. Qxc4 Bc6 11. Nf3 Bxf3 12. gxf3 Qd7 13. Rg1 e5 14. d3
O-O-O 15. Bd2 Qf5 16. Rg3 g6 17. O-O-O Be7 18. f4 exf4 19. Rf3 g5 20. Re1 Rhe8
21. Bb4 Bxb4 0-1